000 00260nam a2200109Ia 4500
008 190912s9999||||xx |||||||||||||| ||und||
100 _aKhalid Petiwala
245 0 _aNotes on Company law
260 _aKarachi
_bPetiwala Book
_c2013
300 _a300
942 _cBK
999 _c7551
_d7551